Exotic Species /

Guardat en:
Dades bibliogràfiques
Autor principal: Charlesworth, Kate
Format: Llibre
Idioma:anglès
Etiquetes: Afegir etiqueta
Sense etiquetes, Sigues el primer a etiquetar aquest registre!

MARC

LEADER 00000nam a2200000 4500
001 CDOM0000002808
003 mi
005 20251007120432.0
008 251007b |||||||| |||| 00| 0 eng d
040 |c mi 
100 |a Charlesworth, Kate 
245 1 |a Exotic Species /  |c Kate Charlesworth 
942 |2 ddc  |c BK 
952 |0 0  |1 0  |2 ddc  |4 0  |7 0  |9 6244  |a MI  |b MI  |d 2006-10-16  |i 5263  |l 0  |p CDOM5263  |r 2025-07-13 16:28:00  |w 2025-07-13  |x ACQUISTO  |y BK 
999 |c 5002  |d 5002